Name a Valid Number 1 Hit (USA) #4 - Statistics

General Stats
  • This quiz has been taken 141 times
  • The average score is 11 of 20
Answer Stats
Name a Number 1 song by... Answers % Correct
Adele Rolling in the Deep | Someone like You | Set Fire to the Rain | Hello | Easy on Me
89%
Shakira Hips Don’t Lie
86%
50 Cent In da Club | 21 Questions | Candy Shop | Crack a Bottle
73%
Justin Timberlake (not counting *NSYNC) SexyBack | My Love | What Goes Around… Comes Around | Give It to Me | Can’t Stop the Feeling!
72%
Usher Nice & Slow | U Remind Me | U Got It Bad | Yeah! | Burn | Confessions (Part II) | My Boo | Love in This Club | OMG
68%
The Police Every Breath You Take
67%
Van Halen Jump
67%
The Black Eyed Peas Boom Boom Pow | I Gotta Feeling | Imma Be
66%
Alicia Keys Fallin’ | My Boo | No One | Empire State of Mind
66%
Aretha Franklin Respect | I Knew You Were Waiting (For Me)
64%
Pitbull Give Me Everything | Timber
58%
P!nk Lady Marmalade | So What | Raise Your Glass | Just Give Me a Reason
58%
Christina Aguilera Genie in a Bottle | What a Girl Wants | Come On Over Baby | Lady Marmalade | Moves Like Jagger
55%
Meat Loaf I’d Do Anything for Love (But I Won’t Do That)
44%
The Doors Light My Fire | Hello, I Love You
42%
Tupac Shakur California Love/How Do U Want It
39%
Barry Manilow Mandy | I Write the Songs | Looks Like We Made It
36%
Foreigner I Want to Know What Love Is
35%
Earth, Wind and Fire Shining Star
10%
Gloria Estefan Anything for You | Don’t Wanna Lose You | Coming Out of the Dark
9%
No matching quizzes found
Score Distribution
Percent of People with Each Score
Percentile by Number Answered
Your Score History
You have not taken this quiz